000 00873nam a2200217Ia 4500
001 17717
005 20260401173130.0
008 260306s9999||||xx |||||||||||||| ||und||
041 _aESP
082 _a658.15
_bO624
100 _aOchoa Setzer, Guadalupe A.
_eAUT
245 0 _aAdministración financiera:
_bcorrelacionada con las NIF
260 _c2012
300 _axiv, 465 páginas :
_c27 cm.
650 _aGEN
654 _aCAN
856 _uhttps://itmsp.museknowledge.com/UCSP?url=https://www.ebooks7-24.com:443/?il=11088&pg=1
_zVersión digital (2021)
856 _uhttps://0u213uyim-y-https-ebooks7--24-com.itmsp.museknowledge.com/biblioteca.aspx
_zVéase además: Base de datos Ebook7-24
856 _uhttps://0u20fuyk1-y-https-research-ebsco-com.itmsp.museknowledge.com/c/qxo6us/search
_zVéase además: Base de datos EBSCOhost
942 _cLIB
_dJUS
_fJUS
_2ddc
999 _c17717
_d17717